|
|
|
|
| LEADER |
00945nam a2200325 4500 |
| 001 |
DLU210195803 |
| 005 |
##20210803 |
| 020 |
# |
# |
|a 9786048885243
|
| 040 |
# |
# |
|a DLU
|b vie
|
| 041 |
# |
# |
|a vie
|
| 044 |
# |
# |
|a vn
|
| 082 |
# |
# |
|a 361.3
|b MA-T
|
| 100 |
# |
# |
|a Mai Thị Kim Thanh,
|c TS.
|
| 245 |
# |
# |
|a Giáo trình mô hình công tác xã hội cá nhân /
|c Mai Thị Kim Thanh.
|
| 260 |
# |
# |
|a H. :
|b Dân trí,
|c 2019.
|
| 300 |
# |
# |
|a 244 tr. ;
|c 24 cm.
|
| 504 |
# |
# |
|a Tài liệu tham khảo: tr. 214-218.
|
| 505 |
# |
# |
|a Phần I. Một số nền tảng khoa học căn bản trong thực hành CTXH cá nhân -- Phần II. Các mô hình trị liệu trong CTXH cá nhân.
|
| 650 |
# |
# |
|a Công tác xã hội.
|
| 923 |
# |
# |
|a 03/2020
|
| 991 |
# |
# |
|a SH
|
| 992 |
# |
# |
|a 76000
|
| 994 |
# |
# |
|a DLU
|
| 900 |
# |
# |
|a True
|
| 911 |
# |
# |
|a Nguyễn Thanh Hương
|
| 925 |
# |
# |
|a G
|
| 926 |
# |
# |
|a A
|
| 927 |
# |
# |
|a SH
|
| 980 |
# |
# |
|a Thư viện Trường Đại học Đà Lạt
|